Southville International School and Colleges
Your cart is empty.
  • Cart
  • Lists
    Public lists Eva Luna New books Lux_list list_1
    Your lists Log in to create your own lists
  • Log in to your account
  • Your cookies
  • Search history
Southville International School and Colleges
  • Advanced search
  • Recent comments
  • Most popular
  • Libraries

Log in to your account

Log in with GOOGLE


If you do not have an external account, but do have a local account, you can still log in:

  1. Home
  2. MARC view: The fit or fat woman :
Normal view MARC view ISBD view

The fit or fat woman : (Record no. 339746)

[ view plain ]
MARC details
000 -LEADER
fixed length control field 00709nam a2200277Ia 4500
008 - FIXED-LENGTH DATA ELEMENTS--GENERAL INFORMATION
fixed length control field 170711s9999 xx 000 0 und d
020 ## - INTERNATIONAL STANDARD BOOK NUMBER
International Standard Book Number 395501237
050 ## - LIBRARY OF CONGRESS CALL NUMBER
Classification number 613.7
050 ## - LIBRARY OF CONGRESS CALL NUMBER
Item number B154 1989
100 ## - MAIN ENTRY--PERSONAL NAME
Personal name Bailey, Covert
245 #4 - TITLE STATEMENT
Title The fit or fat woman :
245 ## - TITLE STATEMENT
Remainder of title solutions for women's unique concerns /
245 ## - TITLE STATEMENT
Statement of responsibility, etc by Covert Bailey and Lea Bishop.
260 ## - PUBLICATION, DISTRIBUTION, ETC. (IMPRINT)
Place of publication, distribution, etc USA :
260 ## - PUBLICATION, DISTRIBUTION, ETC. (IMPRINT)
Name of publisher, distributor, etc Houghton Mifflin,
260 ## - PUBLICATION, DISTRIBUTION, ETC. (IMPRINT)
Date of publication, distribution, etc 1989
300 ## - PHYSICAL DESCRIPTION
Extent viii, 151 pages :
300 ## - PHYSICAL DESCRIPTION
Other physical details illustrations ;
300 ## - PHYSICAL DESCRIPTION
Dimensions 21cm.
650 ## - SUBJECT ADDED ENTRY--TOPICAL TERM
Topical term or geographic name as entry element Exercise for women.
650 ## - SUBJECT ADDED ENTRY--TOPICAL TERM
Topical term or geographic name as entry element Reducing exercises.
650 ## - SUBJECT ADDED ENTRY--TOPICAL TERM
Topical term or geographic name as entry element Women --
650 ## - SUBJECT ADDED ENTRY--TOPICAL TERM
General subdivision Health and hygiene.
700 ## - ADDED ENTRY--PERSONAL NAME
Personal name Bishop, Lea.
700 ## - ADDED ENTRY--PERSONAL NAME
Personal name Title.

No items available.

The fit or fat woman :

APA

Bailey C., Bishop L. & Title.The fit or fat woman. USA: .

Chicago

Bailey Covert, Bishop Lea and Title.The fit or fat woman. USA: .

Harvard

Bailey C., Bishop L. and Title.The fit or fat woman. USA: .

MLA

Bailey Covert, Bishop Lea and Title.USA: . .

  • Print
  • Cite
  • Add to your cart (remove)
  • Save record
    BIBTEX Dublin Core MARCXML MARC (non-Unicode/MARC-8) MARC (Unicode/UTF-8) MARC (Unicode/UTF-8, Standard) MODS (XML) RIS
  • More searches
    Search for this title in:
    Other Libraries (WorldCat) Other Databases (Google Scholar) Online Stores (Bookfinder.com) Open Library (openlibrary.org)

Exporting to Dublin Core...

SOUTHVILLE LIBRARY

Southville International School and Colleges Library

1281 Tropical Ave. Cor. Luxembourg St., BF Homes International, Las Pinas City

Tel. No. 8256374 / 252358 Loc. 117/146

Powered by Koha